00490nam a22001577a 4500003000400000008004100004082001800045100001800063245013900081260003200220300000900252502001500261650003000276650001700306650000900323OSt260425b |||||||| |||| 00| 0 eng d a635.648bM29S aKumari, Mamta aStudies on the Effects of Fertility Levels and Spacing on Growth Yield and Quality of Hybrid Okra (Abelmoschus esculentus (L) Moench.) aPusa, SamastipurbRAUc2000 a73P. bMsc.d2000 aVegetables & Floriculture aHorticulture aMsc.